000 00648nam a2200205 i 4500
001 47527
003 ES-MaACL
005 20250629070310.0
007 t|
008 030430s1953 ag ||||1| spa d
080 _a821.134.2(83)-14"19"
100 1 _aNeruda, Pablo,
_d1904-1973
_985398
245 1 0 _aVersos del capitán
_b: poemas de amor /
_cAnónimo [Pablo Neruda].
260 _aBuenos Aires :
_bLosada,
_c[1953]
300 _a114 p. ;
_c18 cm.
490 1 _aBiblioteca contemporánea (Losada
830 0 0 _aBiblioteca contemporánea (Losada)
_9230032
852 _aES-MaACL
_jF-14462
_bR.132323
999 _c47527
_d47527